[Event "WJCC U20 Girls 2019"]
[Site "New Delhi"]
[Date "2019.10.18"]
[Round "5.29"]
[White "Kairbekova, Amina"]
[Black "Ghosh Samriddhaa"]
[Result "0-1"]
[WhiteElo "2096"]
[BlackElo "1867"]
[Annotator "NA RC"]
[PlyCount "70"]
[EventDate "2019.10.15"]
[EventType "swiss"]
[EventCountry "IND"]
[SourceTitle "playchess.com"]
[Source "ChessBase"]
[SourceQuality "1"]
[TimeControl "40/5400+30:1800+30"]

1. e4 {[%emt 0:00:00]} c5 {[%emt 0:00:00]} 2. Nf3 {[%emt 0:00:00]} d6 {[%emt 0:00:09]} 3. d4 {[%emt 0:00:00]} cxd4 {[%emt 0:00:16]} 4. Nxd4 {[%emt 0:00:00]} Nf6 {[%emt 0:00:38]} 5. Nc3 {[%emt 0:00:01]} g6 {[%emt 0:00:32]} 6. Be3 {[%emt 0:00:05]} a6 {[%emt 0:00:15]} 7. f3 {[%emt 0:00:18]} b5 {[%emt 0:01:52]} 8. Qd2 {[%emt 0:01:09]} Bb7 {[%emt 0:01:22]} 9. O-O-O {[%emt 0:01:00]} Nbd7 {[%emt 0:02:04]} 10. g4 {[%emt 0:04:42]} h6 {[%emt 0:05:05]} 11. Kb1 {[%emt 0:04:26]} b4 {[%emt 0:00:00]} 12. Nce2 {[%emt 0:05:25]} e5 {[%emt 0:16:09]} 13. Nb3 {[%emt 0:03:20]} d5 {[%emt 0:03:09]} 14. exd5 {[%emt 0:10:52]} Nxd5 {[%emt 0:01:18]} 15. Ng3 {[%emt 0:03:05]} Qc7 {[%emt 0:12:04]} 16. Bg2 {[%emt 0:05:36]} N7f6 {[%emt 0:19:16]} 17. Ne4 {[%emt 0:26:08]} Nxe4 {[%emt 0:10:41]} 18. fxe4 {[%emt 0:00:10]} Nxe3 {[%emt 0:00:09]} 19. Qxe3 {[%emt 0:00:05]} Rc8 {[%emt 0:01:55]} 20. Rd2 {[%emt 0:00:33]} Bg7 {[%emt 0:02:12]} 21. h4 {[%emt 0:03:59]} O-O {[%emt 0:04:21]} 22. g5 {[%emt 0:01:07]} h5 {[%emt 0:00:19]} 23. Rhd1 {[%emt 0:00:09]} Rfd8 {[%emt 0:05:18]} 24. Bh3 {[%emt 0:01:00]} Rxd2 {[%emt 0:04:36]} 25. Qxd2 {[%emt 0:00:14]} Rb8 {[%emt 0:05:21]} 26. Qxb4 {[%emt 0:04:56]} Bf8 {[%emt 0:01:30]} 27. Qe1 {[%emt 0:03:49]} Bc6 {[%emt 0:00:36]} 28. Bg2 {[%emt 0:05:16]} Bb4 {[%emt 0:00:40]} 29. c3 {[%emt 0:01:30]} Bf8 {[%emt 0:00:18]} 30. c4 {[%emt 0:08:23]} Ba4 {[%emt 0:01:30]} 31. Qc3 {[%emt 0:00:08]} Qb6 {[%emt 0:00:45]} 32. c5 {[%emt 0:00:30]} Bxc5 {[%emt 0:00:29]} 33. Nxc5 {[%emt 0:02:34]} Bxd1 {[%emt 0:00:08]} 34. Nd7 {[%emt 0:01:59]} Qg1 {[%emt 0:00:22]} 35. Qc1 {[%emt 0:04:27]} Bc2+ {[%emt 0:00:13]} 0-1

[Event "WJCC U20 Girls 2019"]
[Site "New Delhi"]
[Date "2019.10.18"]
[Round "5.30"]
[White "Potluri Supreetha"]
[Black "Nastase, Andreea-Cristina"]
[Result "1-0"]
[WhiteElo "1767"]
[BlackElo "2077"]
[Annotator "NA RC"]
[PlyCount "49"]
[EventDate "2019.10.15"]
[EventType "swiss"]
[EventCountry "IND"]
[SourceTitle "playchess.com"]
[Source "ChessBase"]
[SourceQuality "1"]
[TimeControl "40/5400+30:1800+30"]

1. d4 {[%emt 0:00:00]} d5 {[%emt 0:00:00]} 2. Nf3 {[%emt 0:00:00]} Nf6 {[%emt 0:00:00]} 3. c4 {[%emt 0:00:00]} c6 {[%emt 0:00:00]} 4. cxd5 {[%emt 0:04:48]} cxd5 {[%emt 0:00:00]} 5. Nc3 {[%emt 0:00:08]} Nc6 {[%emt 0:00:50]} 6. Bf4 {[%emt 0:00:41]} Qb6 {[%emt 0:01:13]} 7. Na4 {[%emt 0:09:33]} Qa5+ {[%emt 0:01:02]} 8. Bd2 {[%emt 0:00:42]} Qc7 {[%emt 0:00:05]} 9. Rc1 {[%emt 0:17:14]} Bf5 {[%emt 0:03:29]} 10. Ne5 {[%emt 0:10:11]} e6 {[%emt 0:03:22]} 11. e4 {[%emt 0:24:14]} dxe4 {[%emt 0:20:22]} 12. Nxc6 {[%emt 0:08:23]} bxc6 {[%emt 0:02:43]} 13. Bb5 {[%emt 0:01:23]} Nd7 {[%emt 0:00:28]} 14. Bxc6 {[%emt 0:01:38]} Rd8 {[%emt 0:00:32]} 15. Bxe4 {[%emt 0:08:19]} Qd6 {[%emt 0:00:11]} 16. Bxf5 {[%emt 0:00:23]} exf5 {[%emt 0:00:04]} 17. O-O {[%emt 0:00:40]} Be7 {[%emt 0:00:03]} 18. Ba5 {[%emt 0:01:46]} Ra8 {[%emt 0:01:29]} 19. Bc7 {[%emt 0:01:42]} Qf6 {[%emt 0:00:58]} 20. d5 {[%emt 0:00:37]} O-O {[%emt 0:00:17]} 21. d6 {[%emt 0:00:55]} Bd8 {[%emt 0:00:04]} 22. Qd5 {[%emt 0:00:49]} Bxc7 {[%emt 0:00:40]} 23. dxc7 {[%emt 0:00:08]} Qe6 {[%emt 0:01:03]} 24. Rfd1 {[%emt 0:02:00]} Nf6 {[%emt 0:01:38]} 25. Qxa8 {[%emt 0:03:26]} 1-0

[Event "WJCC U20 Girls 2019"]
[Site "New Delhi"]
[Date "2019.10.18"]
[Round "5.31"]
[White "Nomindalai Tumurbaatar"]
[Black "Aouachria, Marwa"]
[Result "1-0"]
[WhiteElo "2061"]
[BlackElo "1839"]
[Annotator "NA"]
[PlyCount "153"]
[EventDate "2019.10.15"]
[EventType "swiss"]
[EventCountry "IND"]
[SourceTitle "playchess.com"]
[Source "ChessBase"]
[SourceQuality "1"]
[TimeControl "40/5400+30:1800+30"]

1. d4 {[%emt 0:23:13]} Nf6 {[%emt 0:10:59]} 2. Bf4 {[%emt 0:00:30]} g6 {[%emt 0:00:30]} 3. Nc3 {[%emt 0:00:30]} Bg7 {[%emt 0:00:30]} 4. e4 {[%emt 0:00:30]} d6 {[%emt 0:00:30]} 5. Qd2 {[%emt 0:00:30]} h6 {[%emt 0:00:30]} 6. h3 {[%emt 0:00:30]} g5 {[%emt 0:00:30]} 7. Be3 {[%emt 0:00:30]} Nbd7 {[%emt 0:00:30]} 8. O-O-O {[%emt 0:00:30]} c6 {[%emt 0:00:30]} 9. e5 {[%emt 0:00:30]} Nd5 {[%emt 0:00:30]} 10. Nxd5 {[%emt 0:00:30]} cxd5 {[%emt 0:00:30]} 11. exd6 {[%emt 0:00:30]} e6 {[%emt 0:00:30]} 12. Bd3 {[%emt 0:00:30]} Nf6 {[%emt 0:00:30]} 13. Re1 {[%emt 0:00:30]} Qxd6 {[%emt 0:08:42]} 14. f4 {[%emt 0:00:30]} g4 {[%emt 0:00:30]} 15. f5 {[%emt 0:00:30]} Ne4 {[%emt 0:12:36]} 16. Bxe4 {[%emt 0:00:20]} dxe4 {[%emt 0:00:01]} 17. hxg4 {[%emt 0:15:56]} exf5 {[%emt 0:00:21]} 18. gxf5 {[%emt 0:00:46]} Bxf5 {[%emt 0:00:18]} 19. Ne2 {[%emt 0:00:05]} O-O-O {[%emt 0:09:04]} 20. Qa5 {[%emt 0:00:44]} Bg4 {[%emt 0:09:12]} 21. Qxa7 {[%emt 0:06:22]} Bxe2 {[%emt 0:00:42]} 22. Rxe2 {[%emt 0:02:32]} Bxd4 {[%emt 0:00:19]} 23. Bxd4 {[%emt 0:01:25]} Qxd4 {[%emt 0:00:05]} 24. Qxd4 {[%emt 0:00:03]} Rxd4 {[%emt 0:00:12]} 25. c3 {[%emt 0:00:03]} Rc4 {[%emt 0:01:15]} 26. Kc2 {[%emt 0:00:12]} f5 {[%emt 0:00:56]} 27. Rh5 {[%emt 0:00:18]} f4 {[%emt 0:02:36]} 28. Rh4 {[%emt 0:04:20]} Rf8 {[%emt 0:10:15]} 29. Rxh6 {[%emt 0:02:13]} e3 {[%emt 0:04:07]} 30. Rh3 {[%emt 0:01:14]} Re4 {[%emt 0:01:04]} 31. Rf3 {[%emt 0:00:21]} Rg8 {[%emt 0:07:58]} 32. Kd3 {[%emt 0:02:24]} Ra4 {[%emt 0:02:27]} 33. c4 {[%emt 0:04:17]} Rg4 {[%emt 0:04:10]} 34. b3 {[%emt 0:01:00]} Ra6 {[%emt 0:00:09]} 35. Ke4 {[%emt 0:02:19]} Re6+ {[%emt 0:02:38]} 36. Kf5 {[%emt 0:00:31]} Reg6 {[%emt 0:00:06]} 37. Rxf4 {[%emt 0:00:26]} Rxg2 {[%emt 0:00:27]} 38. Rxe3 {[%emt 0:00:04]} R6g5+ {[%emt 0:00:43]} 39. Ke4 {[%emt 0:01:08]} Rxa2 {[%emt 0:00:21]} 40. Kd3 {[%emt 0:00:05]} Rgg2 {[%emt 0:01:10]} 41. Rf7 {[%emt 0:31:06]} Rgd2+ {[%emt 0:35:47]} 42. Kc3 {[%emt 0:00:10]} Re2 {[%emt 0:00:18]} 43. Rxe2 {[%emt 0:01:21]} Rxe2 {[%emt 0:00:03]} 44. Kb4 {[%emt 0:00:37]} Kb8 {[%emt 0:03:41]} 45. Kb5 {[%emt 0:01:52]} Ka7 {[%emt 0:00:23]} 46. b4 {[%emt 0:03:31]} Re6 {[%emt 0:01:37]} 47. c5 {[%emt 0:01:07]} Rg6 {[%emt 0:00:00]} 48. Rd7 {[%emt 0:00:00]} Rc6 {[%emt 0:00:00]} 49. Rd6 {[%emt 0:00:00]} Rc8 {[%emt 0:00:00]} 50. Ka5 {[%emt 0:00:00]} Rc6 {[%emt 0:00:00]} 51. Kb5 {[%emt 0:00:00]} Rc8 {[%emt 0:00:00]} 52. Kc4 {[%emt 0:00:00]} Rg8 {[%emt 0:00:00]} 53. Rd7 {[%emt 0:00:00]} Kb8 {[%emt 0:00:00]} 54. Kb5 {[%emt 0:00:00]} Rc8 {[%emt 0:00:00]} 55. Ka5 {[%emt 0:00:00]} Ka7 {[%emt 0:00:00]} 56. Rd5 {[%emt 0:00:00]} Rc6 {[%emt 0:00:00]} 57. Rd8 {[%emt 0:00:00]} Rc7 {[%emt 0:00:00]} 58. Kb5 {[%emt 0:00:00]} Rc6 {[%emt 0:00:00]} 59. Kc4 {[%emt 0:00:00]} Rg6 {[%emt 0:00:00]} 60. b5 {[%emt 0:00:00]} Rg4+ {[%emt 0:00:00]} 61. Kd5 {[%emt 0:00:00]} Rg5+ {[%emt 0:00:00]} 62. Kd6 {[%emt 0:00:00]} Rg6+ {[%emt 0:00:00]} 63. Kc7 {[%emt 0:00:00]} Rg5 {[%emt 0:00:44]} 64. Kd6 {[%emt 0:08:41]} Rg6+ {[%emt 0:00:55]} 65. Kd5 {[%emt 0:00:03]} Rg1 {[%emt 0:00:25]} 66. Re8 {[%emt 0:11:22]} Rd1+ {[%emt 0:00:11]} 67. Ke6 {[%emt 0:00:08]} Rb1 {[%emt 0:04:24]} 68. b6+ {[%emt 0:00:39]} Ka6 {[%emt 0:00:04]} 69. Kd6 {[%emt 0:00:14]} Rd1+ {[%emt 0:02:08]} 70. Kc7 {[%emt 0:00:07]} Rd5 {[%emt 0:00:19]} 71. c6 {[%emt 0:01:32]} Rc5 {[%emt 0:00:39]} 72. Ra8+ {[%emt 0:00:08]} Kb5 {[%emt 0:00:12]} 73. Kxb7 {[%emt 0:00:04]} Rf5 {[%emt 0:01:53]} 74. c7 {[%emt 0:00:57]} Rf7 {[%emt 0:00:19]} 75. Ra1 {[%emt 0:00:19]} Rg7 {[%emt 0:00:40]} 76. Rb1+ {[%emt 0:00:04]} Ka5 {[%emt 0:00:32]} 77. Kb8 {[%emt 0:00:05]} 1-0

[Event "WJCC U20 Girls 2019"]
[Site "New Delhi"]
[Date "2019.10.18"]
[Round "5.32"]
[White "Cosme Contreras, Trilce"]
[Black "Eesha Ajay Sarda"]
[Result "1/2-1/2"]
[WhiteElo "2027"]
[BlackElo "1744"]
[Annotator "NA"]
[PlyCount "123"]
[EventDate "2019.10.15"]
[EventType "swiss"]
[EventCountry "IND"]
[SourceTitle "playchess.com"]
[Source "ChessBase"]
[SourceQuality "1"]
[TimeControl "40/5400+30:1800+30"]

1. d4 {[%emt 0:00:00]} Nf6 {[%emt 0:00:00]} 2. c4 {[%emt 0:00:00]} e6 {[%emt 0:00:00]} 3. Nf3 {[%emt 0:00:16]} Bb4+ {[%emt 0:00:12]} 4. Bd2 {[%emt 0:00:48]} Qe7 {[%emt 0:00:21]} 5. Nc3 {[%emt 0:00:53]} b6 {[%emt 0:00:58]} 6. e3 {[%emt 0:03:07]} Bb7 {[%emt 0:01:31]} 7. Bd3 {[%emt 0:01:05]} O-O {[%emt 0:00:46]} 8. O-O {[%emt 0:00:05]} Bxc3 {[%emt 0:03:52]} 9. Bxc3 {[%emt 0:00:24]} Ne4 {[%emt 0:00:25]} 10. Rc1 {[%emt 0:01:31]} d6 {[%emt 0:02:36]} 11. Nd2 {[%emt 0:02:12]} Nxc3 {[%emt 0:02:13]} 12. Rxc3 {[%emt 0:00:08]} e5 {[%emt 0:07:53]} 13. Qc2 {[%emt 0:02:55]} g6 {[%emt 0:06:38]} 14. Be4 {[%emt 0:04:26]} c6 {[%emt 0:06:44]} 15. f4 {[%emt 0:01:54]} f5 {[%emt 0:03:59]} 16. Bf3 {[%emt 0:00:43]} e4 {[%emt 0:02:35]} 17. Be2 {[%emt 0:00:11]} c5 {[%emt 0:01:59]} 18. d5 {[%emt 0:00:08]} Nd7 {[%emt 0:08:00]} 19. b3 {[%emt 0:01:57]} b5 {[%emt 0:10:13]} 20. Qc1 {[%emt 0:05:13]} Nb6 {[%emt 0:05:39]} 21. Rd1 {[%emt 0:04:01]} b4 {[%emt 0:08:50]} 22. Rc2 {[%emt 0:00:07]} Rfc8 {[%emt 0:01:03]} 23. Nf1 {[%emt 0:03:58]} a5 {[%emt 0:02:23]} 24. a4 {[%emt 0:01:27]} h5 {[%emt 0:07:04]} 25. h3 {[%emt 0:04:26]} Kf7 {[%emt 0:01:22]} 26. Nh2 {[%emt 0:00:46]} Rh8 {[%emt 0:01:19]} 27. g3 {[%emt 0:02:02]} Rag8 {[%emt 0:06:01]} 28. h4 {[%emt 0:05:08]} Ke8 {[%emt 0:00:47]} 29. Bf1 {[%emt 0:02:03]} Nd7 {[%emt 0:00:19]} 30. Bh3 {[%emt 0:03:11]} Nf6 {[%emt 0:00:21]} 31. Rg2 {[%emt 0:01:24]} Rh7 {[%emt 0:01:18]} 32. Kf2 {[%emt 0:02:34]} Bc8 {[%emt 0:00:16]} 33. Ke2 {[%emt 0:01:09]} Bd7 {[%emt 0:00:12]} 34. Kd2 {[%emt 0:03:56]} Kd8 {[%emt 0:00:28]} 35. Kc2 {[%emt 0:00:40]} Be8 {[%emt 0:01:39]} 36. Kb1 {[%emt 0:00:37]} Nd7 {[%emt 0:00:37]} 37. Ra2 {[%emt 0:04:10]} Nb6 {[%emt 0:00:18]} 38. Bf1 {[%emt 0:01:33]} Qf8 {[%emt 0:00:43]} 39. Be2 {[%emt 0:01:55]} Rb7 {[%emt 0:00:51]} 40. Qd2 {[%emt 0:02:17]} Bd7 {[%emt 0:01:42]} 41. Ka1 {[%emt 0:32:03]} Qe8 {[%emt 0:31:25]} 42. Rb1 {[%emt 0:01:56]} Ke7 {[%emt 0:03:55]} 43. Bd1 {[%emt 0:09:01]} Rg7 {[%emt 0:00:00]} 44. Nf1 {[%emt 0:00:00]} Rh7 {[%emt 0:00:00]} 45. Nh2 {[%emt 0:00:00]} Qh8+ {[%emt 0:00:00]} 46. Qb2 {[%emt 0:00:00]} Qa8 {[%emt 0:00:00]} 47. Qd2 {[%emt 0:00:00]} Qa6 {[%emt 0:00:00]} 48. Qe2 {[%emt 0:00:00]} Kf7 {[%emt 0:00:00]} 49. Nf1 {[%emt 0:00:00]} Qa8 {[%emt 0:00:00]} 50. Nh2 {[%emt 0:00:00]} Rh8 {[%emt 0:00:00]} 51. Qd2 {[%emt 0:00:00]} Qg8 {[%emt 0:00:00]} 52. Nf1 {[%emt 0:00:00]} Qh7 {[%emt 0:00:00]} 53. Qb2 {[%emt 0:00:00]} Rhb8 {[%emt 0:00:00]} 54. Qd2 {[%emt 0:00:00]} Qg7+ {[%emt 0:00:00]} 55. Qb2 {[%emt 0:00:00]} Qh7 {[%emt 0:00:00]} 56. Qd2 {[%emt 0:00:00]} Qh8+ {[%emt 0:00:00]} 57. Qb2 {[%emt 0:00:00]} Qe8 {[%emt 0:00:00]} 58. Nd2 {[%emt 0:00:00]} Qg8 {[%emt 0:00:00]} 59. Nf1 {[%emt 0:00:00]} Qf8 {[%emt 0:00:00]} 60. Nd2 {[%emt 0:00:00]} Qe8 {[%emt 0:00:00]} 61. Nf1 {[%emt 0:00:00]} Bxa4 62. bxa4 1/2-1/2

[Event "WJCC U20 Girls 2019"]
[Site "New Delhi"]
[Date "2019.10.18"]
[Round "5.33"]
[White "Rindhiya V"]
[Black "Harshini A"]
[Result "0-1"]
[WhiteElo "1817"]
[BlackElo "2230"]
[Annotator "TA"]
[PlyCount "114"]
[EventDate "2019.10.15"]
[EventType "swiss"]
[EventCountry "IND"]
[SourceTitle "playchess.com"]
[Source "ChessBase"]
[SourceQuality "1"]

{[%evp 24,114,16,10,33,24,39,8,10,10,20,-5,0,0,0,-6,0,-26,-12,-47,-52,-45,-47,-50,-63,-50,-61,-60,-52,-75,-69,-79,-65,-71,-75,-97,-76,-82,-85,-100,-87,-94,-86,-121,-91,-77,-77,-88,-80,-93,-89,-130,-52,-170,-170,-203,-204,-233,-200,-191,-201,-254,-242,-261,-266,-257,-233,-381,-341,-1050,-918,-1306,-1210,-1347,-1362,-1198,-1106,-985,-1187,-3006,-2625,-4195,-3745,-2012,-1902,-4563,-2060,-5787,-5783,-6710,-6753,-5804,-5700]} 1. e4 e5 2. Nf3 Nc6 3. Bc4 Bc5 4. c3 Nf6 5. d4 exd4 6. cxd4 Bb4+ 7. Bd2 Bxd2+ 8. Nbxd2 d5 9. exd5 Nxd5 10. Qb3 Nce7 11. O-O O-O 12. Rfe1 c6 13. Ne4 Rb8 {C54: Giuoco Piano: 4 c3 Nf6, main lines with 5 d4 and 5 d3} (13... Nb6 14. Bd3 Ned5 15. Nc5 Nf6 16. Rac1 Rb8 17. Qa3 a6 18. Qb3 Qc7 19. Ne4 Nfd5 20. Nc3 Qd6 21. Be4 {½-½ (36) Jones,G (2640)-Karjakin,S (2753) Wijk aan Zee 2018}) 14. Ne5 Qb6 $146 ({Predecessor:} 14... Bf5 15. Qa3 a6 16. Nc5 Qc7 17. Rad1 Rbd8 18. Qb3 Bc8 19. a3 a5 20. Qf3 b6 21. Ne4 {½-½ (45) Sveshnikov,V (2385)-Grabarczyk,M (2469) Brescia 2009}) 15. Nc3 {[%cal Rc4d5]} (15. Qa3 {is more complex.} Bf5 16. Rad1 Bxe4 17. Rxe4 Qc7 18. Rde1) 15... Qxb3 {The position is equal.} 16. Bxb3 Be6 17. Ne4 Rbd8 18. Rad1 h6 19. h3 g6 20. Nf3 Kg7 21. Nc3 (21. Nc5 {with more complications.} Bc8 22. Rd2 h5 23. Nd3 Nf5 24. g3) 21... Nf4 22. Bxe6 Nxe6 23. Rd2 Rd7 24. Red1 Rfd8 25. Kf1 g5 26. Ne4 b6 27. Ng3 f6 28. Nh5+ Kf7 29. g4 Rd5 30. Ke2 Ng6 31. Kf1 Ngf4 32. Nxf4 Nxf4 33. h4 gxh4 34. Nxh4 h5 35. f3 c5 36. Nf5 Ne6 37. Re1 hxg4 ({But not} 37... cxd4 38. Nh6+ Ke7 39. Nf5+ Kd7 40. Rh2 $15) (37... Nxd4 $17 38. Re7+ Kf8) 38. fxg4 (38. Nh6+ $1 $15 Kg6 39. Rxe6 Kxh6 40. Rxf6+ Kg5 41. Rf7) 38... Nxd4 $19 39. Nxd4 Rxd4 $17 {[%mdl 4096] Endgame KRR-KRR} ({Don't take} 39... cxd4 40. Re4 $17) 40. Rg2 Rg8 41. Re3 Rgxg4 42. Rf2 Rgf4 43. Rxf4 Rxf4+ $19 {KR-KR} 44. Ke1 f5 45. Kd1 (45. Rh3 {might work better.}) 45... Rd4+ 46. Kc2 $2 {[#]} (46. Ke2) 46... Kf6 {Black is clearly winning.} 47. Ra3 Rd7 48. Rf3 Kg5 49. Rg3+ Kf4 50. Rg1 Ke3 51. Re1+ Kf2 52. Re5 f4 53. Rf5 f3 54. a3 Ke2 55. Re5+ Kf1 56. Rf5 f2 57. a4 Rg7 {Accuracy: White = 35%, Black = 84%.} 0-1

[Event "WJCC U20 Girls 2019"]
[Site "New Delhi"]
[Date "2019.10.18"]
[Round "5.34"]
[White "Levitan, Ronit"]
[Black "Ferkova, Dominika"]
[Result "1/2-1/2"]
[WhiteElo "1893"]
[BlackElo "2096"]
[Annotator "NA"]
[PlyCount "90"]
[EventDate "2019.10.15"]
[EventType "swiss"]
[EventCountry "IND"]
[SourceTitle "playchess.com"]
[Source "ChessBase"]
[SourceQuality "1"]
[TimeControl "40/5400+30:1800+30"]

1. e4 {[%emt 0:00:00]} c6 {[%emt 0:00:46]} 2. d4 {[%emt 0:00:32]} d5 {[%emt 0:00:14]} 3. exd5 {[%emt 0:00:15]} cxd5 {[%emt 0:00:16]} 4. c4 {[%emt 0:00:16]} Nf6 {[%emt 0:00:07]} 5. Nc3 {[%emt 0:00:04]} Nc6 {[%emt 0:00:09]} 6. Nf3 {[%emt 0:00:51]} g6 {[%emt 0:01:13]} 7. cxd5 {[%emt 0:01:03]} Nxd5 {[%emt 0:00:09]} 8. Qb3 {[%emt 0:00:08]} e6 {[%emt 0:00:44]} 9. Nxd5 {[%emt 0:24:51]} Qxd5 {[%emt 0:06:08]} 10. Bc4 {[%emt 0:21:01]} Bb4+ {[%emt 0:10:45]} 11. Kf1 {[%emt 0:03:46]} Qd6 {[%emt 0:07:21]} 12. a3 {[%emt 0:10:14]} Ba5 {[%emt 0:00:51]} 13. d5 {[%emt 0:02:57]} exd5 {[%emt 0:06:31]} 14. Bxd5 {[%emt 0:00:45]} Be6 {[%emt 0:01:46]} 15. Bxe6 {[%emt 0:00:12]} Qxe6 {[%emt 0:00:21]} 16. Qxe6+ {[%emt 0:05:22]} fxe6 {[%emt 0:00:07]} 17. Bh6 {[%emt 0:01:42]} O-O-O {[%emt 0:01:43]} 18. h4 {[%emt 0:04:06]} Rhe8 {[%emt 0:06:14]} 19. h5 {[%emt 0:02:12]} e5 {[%emt 0:03:33]} 20. Be3 {[%emt 0:02:17]} Nd4 {[%emt 0:13:27]} 21. Rc1+ {[%emt 0:07:56]} Kb8 {[%emt 0:01:27]} 22. hxg6 {[%emt 0:02:49]} Nb3 {[%emt 0:09:20]} 23. Rb1 {[%emt 0:00:09]} hxg6 {[%emt 0:01:11]} 24. Rh4 {[%emt 0:03:20]} e4 {[%emt 0:03:14]} 25. Ng5 {[%emt 0:00:39]} Bd2 {[%emt 0:05:55]} 26. Rd1 {[%emt 0:03:00]} Bxe3 {[%emt 0:00:53]} 27. Rxd8+ {[%emt 0:00:06]} Rxd8 {[%emt 0:00:05]} 28. fxe3 {[%emt 0:00:11]} Rd1+ {[%emt 0:05:06]} 29. Kf2 {[%emt 0:00:12]} Rd2+ {[%emt 0:00:07]} 30. Kg3 {[%emt 0:00:04]} Rxb2 {[%emt 0:00:13]} 31. Ne6 {[%emt 0:00:56]} a5 {[%emt 0:02:51]} 32. Rxe4 {[%emt 0:00:29]} Ra2 {[%emt 0:00:51]} 33. a4 {[%emt 0:00:20]} Nd2 {[%emt 0:00:57]} 34. Rd4 {[%emt 0:01:34]} Nf1+ {[%emt 0:00:46]} 35. Kf4 {[%emt 0:01:20]} Rf2+ {[%emt 0:01:09]} 36. Ke4 {[%emt 0:01:07]} Rxg2 {[%emt 0:02:13]} 37. Rd8+ {[%emt 0:00:46]} Ka7 {[%emt 0:00:09]} 38. Nd4 {[%emt 0:00:39]} Kb6 {[%emt 0:06:27]} 39. Nb5 {[%emt 0:00:40]} Rg4+ {[%emt 0:01:30]} 40. Kd3 {[%emt 0:00:31]} Rxa4 {[%emt 0:00:32]} 41. Nc3 {[%emt 0:01:27]} Ra3 {[%emt 0:09:14]} 42. e4 {[%emt 0:03:06]} Ng3 {[%emt 0:05:43]} 43. Kc4 {[%emt 0:05:56]} Kc6 {[%emt 0:11:28]} 44. Rc8+ {[%emt 0:05:39]} Kd7 {[%emt 0:01:30]} 45. Rb8 {[%emt 0:01:15]} Kc6 {[%emt 0:00:49]} 1/2-1/2

[Event "WJCC U20 Girls 2019"]
[Site "New Delhi"]
[Date "2019.10.18"]
[Round "5.35"]
[White "Bhagyashree Patil"]
[Black "Ortiz Verdezoto, Anahi"]
[Result "1-0"]
[WhiteElo "1802"]
[BlackElo "2055"]
[Annotator "NA RC"]
[PlyCount "86"]
[EventDate "2019.10.15"]
[EventType "swiss"]
[EventCountry "IND"]
[SourceTitle "playchess.com"]
[Source "ChessBase"]
[SourceQuality "1"]
[TimeControl "40/5400+30:1800+30"]

1. e4 {[%emt 0:00:00]} e5 {[%emt 0:00:16]} 2. Nf3 {[%emt 0:00:00]} Nc6 {[%emt 0:00:15]} 3. Bc4 {[%emt 0:00:00]} Bc5 {[%emt 0:00:05]} 4. c3 {[%emt 0:00:00]} Nf6 {[%emt 0:00:11]} 5. d3 {[%emt 0:00:00]} d6 {[%emt 0:00:19]} 6. Nbd2 {[%emt 0:00:32]} a5 {[%emt 0:00:13]} 7. Bb3 {[%emt 0:01:17]} O-O {[%emt 0:00:18]} 8. Nf1 {[%emt 0:04:59]} d5 {[%emt 0:10:40]} 9. Qe2 {[%emt 0:03:17]} Be6 {[%emt 0:04:06]} 10. Ng3 {[%emt 0:01:30]} a4 {[%emt 0:01:59]} 11. Bc2 {[%emt 0:00:28]} d4 {[%emt 0:00:03]} 12. O-O {[%emt 0:01:22]} h6 {[%emt 0:00:12]} 13. h3 {[%emt 0:04:47]} Qd7 {[%emt 0:06:28]} 14. Nh4 {[%emt 0:02:16]} dxc3 {[%emt 0:05:57]} 15. bxc3 {[%emt 0:16:36]} Bxh3 {[%emt 0:27:00]} 16. Ngf5 {[%emt 0:01:22]} Bg4 {[%emt 0:03:36]} 17. Qd2 {[%emt 0:03:15]} Bxf5 {[%emt 0:02:46]} 18. Nxf5 {[%emt 0:00:21]} Nh7 {[%emt 0:07:07]} 19. g4 {[%emt 0:06:59]} Be7 {[%emt 0:04:31]} 20. Qd1 {[%emt 0:04:19]} Bg5 {[%emt 0:06:10]} 21. Ba3 {[%emt 0:02:01]} Rfd8 {[%emt 0:00:33]} 22. Rb1 {[%emt 0:00:45]} Rdb8 {[%emt 0:06:38]} 23. Qe2 {[%emt 0:09:52]} g6 {[%emt 0:01:17]} 24. Ne3 {[%emt 0:03:39]} Nf6 {[%emt 0:00:16]} 25. f3 {[%emt 0:00:25]} Qe6 {[%emt 0:02:49]} 26. Rb2 {[%emt 0:01:45]} h5 {[%emt 0:00:27]} 27. Bd1 {[%emt 0:02:10]} Kg7 {[%emt 0:00:46]} 28. Rf2 {[%emt 0:03:05]} hxg4 {[%emt 0:03:23]} 29. Nxg4 {[%emt 0:00:44]} Bc1 {[%emt 0:01:45]} 30. Nxf6 {[%emt 0:05:31]} Qxf6 {[%emt 0:00:48]} 31. Rg2 {[%emt 0:00:09]} Rh8 {[%emt 0:02:06]} 32. Bc5 {[%emt 0:00:50]} Bxb2 {[%emt 0:00:26]} 33. Qxb2 {[%emt 0:00:02]} Qh4 {[%emt 0:00:43]} 34. Kf1 {[%emt 0:00:06]} b6 {[%emt 0:00:27]} 35. Bg1 {[%emt 0:00:14]} Qf4 {[%emt 0:00:27]} 36. d4 {[%emt 0:00:29]} Rh1 {[%emt 0:01:09]} 37. d5 {[%emt 0:01:40]} Na5 {[%emt 0:00:40]} 38. Be2 {[%emt 0:00:57]} Rah8 {[%emt 0:00:51]} 39. Kf2 {[%emt 0:02:42]} Nb7 {[%emt 0:00:19]} 40. Qc2 {[%emt 0:03:40]} Nd6 {[%emt 0:00:25]} 41. c4 {[%emt 0:30:11]} f5 {[%emt 0:08:06]} 42. exf5 {[%emt 0:00:00]} Qd4+ {[%emt 0:04:05]} 43. Kf1 {[%emt 0:00:00]} Nxf5 {[%emt 0:00:28]} 1-0